[Event "Sao Jose do Rio Preto 03rd"]
[Site "Sao Jose do Rio Preto"]
[Date "2004.03.30"]
[Round "8"]
[White "Rahabani, Claudio Elias"]
[Black "Valiente, Cristobal"]
[Result "0-1"]
[WhiteElo "2282"]
[BlackElo "2332"]
[PlyCount "86"]
[EventDate "2004.03.23"]
[EventType "tourn"]
[EventRounds "11"]
[EventCountry "BRA"]
[EventCategory "4"]
[SourceTitle "CBM 099 Extra"]
[Source "ChessBase"]
[SourceDate "2004.05.04"]
[SourceVersion "1"]
[SourceVersionDate "2004.05.04"]
[SourceQuality "1"]

1. d4 Nf6 2. Nf3 e6 3. Bg5 h6 4. Bxf6 Qxf6 5. e4 d6 6. Nbd2 g6 7. c3 Bg7 8. Be2 0-0 9. 0-0 b6 10. Qc2 Bb7 11. Rfe1 Qe7 12. Bf1 Nd7 13. a4 a5 14. h3 Rfd8 15. Rad1 Nf6 16. e5 Nh7 17. exd6 Qxd6 18. Bd3 Nf6 19. Ne4 Nxe4 20. Bxe4 Bxe4 21. Qxe4 Qd5 22. Qc2 Rd6 23. Rd2 Rad8 24. Rde2 c5 25. dxc5 Qxc5 26. Qb3 Rd5 27. c4 Rd3 28. Qc2 Qd6 29. b3 Rc3 30. Qb1 Rd3 31. Re3 Rxe3 32. Rxe3 Kf8 33. Re2 Qf4 34. Qc2 Qc7 35. Rd2 Rxd2 36. Qxd2 Ke7 37. Kf1 Qc5 38. Ke2 e5 39. Qe3 Kd6 40. Qd3+ Kc7 41. g4 Qd6 42. Qe4 Qa3 43. Nxe5 Qb2+ 0-1

[Event "Sao Jose do Rio Preto 03rd"]
[Site "Sao Jose do Rio Preto"]
[Date "2004.03.27"]
[Round "5"]
[White "Rahabani, Claudio Elias"]
[Black "Borges, Leomar Barbero"]
[Result "1/2-1/2"]
[WhiteElo "2282"]
[BlackElo "2267"]
[PlyCount "26"]
[EventDate "2004.03.23"]
[EventType "tourn"]
[EventRounds "11"]
[EventCountry "BRA"]
[EventCategory "4"]
[SourceTitle "CBM 099 Extra"]
[Source "ChessBase"]
[SourceDate "2004.05.04"]
[SourceVersion "1"]
[SourceVersionDate "2004.05.04"]
[SourceQuality "1"]

1. d4 Nf6 2. Nf3 g6 3. Bg5 Bg7 4. Nbd2 d5 5. e3 0-0 6. Be2 c5 7. c3 Nc6 8. 0-0 b6 9. h3 Bb7 10. a3 Rc8 11. b4 cxd4 12. cxd4 a6 13. Rc1 h6 1/2-1/2

[Event "Sao Jose do Rio Preto 03rd"]
[Site "Sao Jose do Rio Preto"]
[Date "2004.03.24"]
[Round "2"]
[White "Arni, Julian Kirsten"]
[Black "Rahabani, Claudio Elias"]
[Result "1-0"]
[WhiteElo "2227"]
[BlackElo "2282"]
[PlyCount "75"]
[EventDate "2004.03.23"]
[EventType "tourn"]
[EventRounds "11"]
[EventCountry "BRA"]
[EventCategory "4"]
[SourceTitle "CBM 099 Extra"]
[Source "ChessBase"]
[SourceDate "2004.05.04"]
[SourceVersion "1"]
[SourceVersionDate "2004.05.04"]
[SourceQuality "1"]

1. e4 e5 2. Nf3 Nf6 3. d4 Nxe4 4. Bd3 d5 5. Nxe5 Bd6 6. 0-0 0-0 7. c4 Bxe5 8. dxe5 Nc6 9. cxd5 Qxd5 10. Qc2 Nb4 11. Bxe4 Nxc2 12. Bxd5 Bf5 13. g4 Bxg4 14. Be4 Nxa1 15. Bf4 f5 16. Bd5+ Kh8 17. Rc1 c6 18. Bg2 Rfd8 19. Nc3 Rd4 20. Be3 Rb4 21. Rxa1 Rxb2 22. h3 Bh5 23. Na4 Rb4 24. Nc5 Rd8 25. a3 Rb2 26. Na4 Rc2 27. Nc5 Rb2 28. Bf1 Rd5 29. Nd3 Rb3 30. Nf4 Rxe5 31. Nxh5 Ra5 32. Rd1 h6 33. Rd8+ Kh7 34. Rd7 Kg6 35. Nf4+ Kf6 36. Bd4+ Kg5 37. Ne6+ Kh4 38. Rxg7 1-0

[Event "Sao Jose do Rio Preto 03rd"]
[Site "Sao Jose do Rio Preto"]
[Date "2004.03.24"]
[Round "3"]
[White "Rahabani, Claudio Elias"]
[Black "Frare, Fernando Cesar"]
[Result "1/2-1/2"]
[WhiteElo "2282"]
[BlackElo "2231"]
[PlyCount "42"]
[EventDate "2004.03.23"]
[EventType "tourn"]
[EventRounds "11"]
[EventCountry "BRA"]
[EventCategory "4"]
[SourceTitle "CBM 099 Extra"]
[Source "ChessBase"]
[SourceDate "2004.05.04"]
[SourceVersion "1"]
[SourceVersionDate "2004.05.04"]
[SourceQuality "1"]

1. d4 d5 2. c4 c6 3. e3 Nf6 4. Nc3 a6 5. Nf3 b5 6. b3 Bf5 7. Bd3 Bg6 8. Ne5 e6 9. 0-0 Bd6 10. f4 0-0 11. Nxg6 hxg6 12. Bd2 Nbd7 13. Be1 bxc4 14. bxc4 c5 15. cxd5 exd5 16. Bh4 Re8 17. Nxd5 Qa5 18. Nxf6+ Nxf6 19. Qf3 Qc3 20. Rad1 cxd4 21. exd4 Qxd4+ 1/2-1/2